01401nam a22002537a 4500001000400000003000400004005001700008008004100025020001500066040000800081082001800089100003500107245010300142260002900245300001100274520069300285650002600978650001701004650001801021650002101039650001701060655001201077700005801089406OSt20250508141901.0250507b |||||||| |||| 00| 0 eng d a8572531246 bpor a133.93bC284s0 aCarlos, Antonioc(Espírito). aO Sonâmbulo /cCarlos, Antonio (espirito) ; Psicografado por Vera Lúcia Marinzeck de Carvalho. aSão PaulobPetitc2004 a159 p. aDaniel, que é Nic, o sonâmbulo, tem medo de dormir. Durante o sono, uma força estranha toma conta do seu corpo, e tudo pode acontecer... Entre as sombras, um vulto movimenta-se atormentado. Vítimas da violência, mulheres indefesas perdem a vida na madrugada, nas mãos de um cruel e insaciável assassino. Ao amanhecer, os sapatos de Daniel estão sujos de lama e o seu quarto foi revirado. Desesperado, não sabe o que fazer... Até quando a noite vai esconder tantos crimes misteriosos? Quem é esse homem tão estranho, que não é capaz de declarar o seu amor à única mulher por quem se apaixonou? Quantos mistérios emocionantes esta leitura nos proporciona!  0aLiteratura Brasileira 0aPsicografias 0aSonambulismo  0aRomance Espirita 0aAssassinatos 0aRomance1 aCarvalho, Vera Lúcia Marinzeck de,d1948-emédium